000
00326 a2200121 4500
000
nam a22 7a 4500
005
20260216104312.0
020
_a
978-1-03-289346-4
100
_a
Andreani, Tony
_9
1115999
245
_a
Historical materialism: revisiting the fundamental concepts
260
_b
Routledge
_c
2026
942
_c
TB
999
_c
1679728
_d
1679728